000 00947cam a2200349 4500
001 ABS68313
008 041028n2004 000 0 eng u
035 _a(Sirsi) u127863
245 _aRegional survey: Hertfordshire, Bedfordshire, Buckinghamshire and Oxfordshire
260 _c2004
490 _aProperty Week
_v69(36) 3 September 2004, 45-68(13)
590 _aABS
590 _aABS
650 _aHERTFORDSHIRE
650 _aBEDFORDSHIRE
650 _aBUCKINGHAMSHIRE
650 _aOXFORDSHIRE
650 _aOXFORD
650 _aLUTON
650 _aWATFORD
650 _aHATFIELD
650 _aHEMEL HEMPSTEAD
650 _aST ALBANS
650 _aHIGH WYCOMBE
650 _aINDUSTRIAL MARKET
650 _aOFFICE MARKET
650 _aPROPERTY-COMMERCIAL PROPERTY-RETAIL PROPERTY-RETAIL PROPERTY MARKET
650 _aREGENERATION
650 _aPLANNING
690 _aCOMMERCIAL PROPERTY-MARKET
942 _n0
999 _c118249
_d118249